000 00454nam a2200133Ia 4500
008 100328s9999 xx 000 0 und d
082 _b54197
100 _aकोप्पीकर गौ.रा.
245 _aभाजीपाल्यांची लागवड
260 _bउदयम
630 _aभाजीपाल्यांची लागवड
730 _aभाजीपाल्यांची लागवड
942 _cBOOK
999 _c540917
_d540914